दिवंगत बेटियां / (Record no. 119322)

MARC details
000 -LEADER
fixed length control field 01100nam a22002537a 4500
005 - DATE AND TIME OF LATEST TRANSACTION
control field 20170124103132.0
010 ## - LIBRARY OF CONGRESS CONTROL NUMBER
LC control number B-151660
020 ## - INTERNATIONAL STANDARD BOOK NUMBER
Terms of availability 325.00
International Standard Book Number 8188886009
035 ## - SYSTEM CONTROL NUMBER
System control number B-151660
037 ## - SOURCE OF ACQUISITION
Source of stock number/acquisition Cen Lib/Ret
040 ## - CATALOGING SOURCE
Original cataloging agency DPL
Language of cataloging HN
082 ## - DEWEY DECIMAL CLASSIFICATION NUMBER
Classification number 362.7
Item number जगजी
100 ## - MAIN ENTRY--PERSONAL NAME
Personal name जगजीत सिंह
9 (RLIN) 84357
245 ## - TITLE STATEMENT
Title दिवंगत बेटियां /
Statement of responsibility, etc जगजीत सिंह
246 ## - VARYING FORM OF TITLE
Title proper/short title Divangat betiyan /
Remainder of title by Jagjeet Singh
260 ## - PUBLICATION, DISTRIBUTION, ETC. (IMPRINT)
Place of publication, distribution, etc नई दिल्ली
Name of publisher, distributor, etc फस्ट एडिशन
Date of publication, distribution, etc 2004
270 ## - ADDRESS
Address 67, लोअरग्राउंड फ्लोर, कैलाश हिल्स
City नई दिल्ली
Postal code 110065
300 ## - PHYSICAL DESCRIPTION
Extent vii,146पृ.
Dimensions 20सेमी(सजिल्द)
650 ## - SUBJECT ADDED ENTRY--TOPICAL TERM
Topical term or geographic name as entry element हरियाणा -- लड़की से भेदभाव
9 (RLIN) 84358
650 ## - SUBJECT ADDED ENTRY--TOPICAL TERM
Topical term or geographic name as entry element गुजरात -- कुर्बान बच्चियां
9 (RLIN) 84359
650 ## - SUBJECT ADDED ENTRY--TOPICAL TERM
Topical term or geographic name as entry element Haryana - Girl discrimination
9 (RLIN) 84360
650 ## - SUBJECT ADDED ENTRY--TOPICAL TERM
Topical term or geographic name as entry element Gujarat - sacrificed girls
9 (RLIN) 84361
942 ## - ADDED ENTRY ELEMENTS (KOHA)
Source of classification or shelving scheme Dewey Decimal Classification
Koha item type Hindi Books
Classification part 362.7
Call number suffix जगजी
Holdings
Withdrawn status Lost status Damaged status Not for loan Home library Current library Date acquired Source of acquisition Cost, normal purchase price Total Checkouts Full call number Barcode Date last seen Date checked out Copy number Cost, replacement price Price effective from Koha item type Source of classification or shelving scheme
        Central Library Central Library 16/09/2015 Cen Lib/Ret 325.00 2 362.7 जगजी B-151660 05/06/2017 27/05/2017 1 325.00 16/09/2015 Hindi Books  
        Central Library Central Library 12/10/2016 Cen Lib/Ret 325.00   362.7 जगजी B-079599 12/10/2016   2 325.00 12/10/2016 Hindi Books Dewey Decimal Classification

© Delhi Public Library
Hit Counter
free hit counter